000 00530nam a2200193Ia 4500
005 20250508153249.0
008 008 250505s9999 xx 000 0 eng d
037 _aTextual
040 _aFEDL
_beng
_cFEDL
041 _aeng
_2eng
084 _a379.73, HAN
_qFEDL
100 _aHansen Kenneth H
_995068
245 0 _aPublic education in American society
250 _a2nd
260 _aEnglewood Cliffs
_b Prentice-Hall
_c1963
300 _a418p.
942 _cTEXL
_h379.73, HAN
999 _c1341606
_d1341606